[Event "ICS rated blitz match"]
[Site "204.178.125.65"]
[Date "2000.03.27"]
[Round "?"]
[White "Hossa"]
[Black "Tinker"]
[Result "1-0"]
[WhiteElo "2454"]
[BlackElo "2449"]
[PlyCount "209"]

1. e4 e5 2. Nf3 Nf6 3. Nxe5 d6 4. Nf3 Nxe4 5. d4 d5 6. Bd3 Bb4+ 7. c3 Be7 8.
O-O O-O 9. c4 Nf6 10. cxd5 Bg4 11. Nc3 Nxd5 12. Re1 Nc6 13. Nxd5 Qxd5 14. Be4
Qd6 15. Bxc6 bxc6 16. Re4 Bf5 17. Bf4 Bxe4 18. Bxd6 Bxd6 19. Ne5 Rfe8 20. Qe1
Bxg2 21. Kxg2 f6 22. f4 fxe5 23. dxe5 Bf8 24. Qc3 c5 25. Qc4+ Kh8 26. Re1 Rad8
27. Re2 a5 28. Qa4 Ra8 29. Qd7 Rac8 30. Qb5 Ra8 31. Qc6 Rac8 32. Qa6 Ra8 33.
Qb7 Rac8 34. Qa7 Kg8 35. Qxa5 Kh8 36. Qa6 Rcd8 37. Qc6 Ra8 38. a3 Rac8 39. h3
Be7 40. a4 Ra8 41. b3 Rab8 42. Re3 Rbc8 43. Kg3 Bf8 44. h4 Bd6 45. h5 Be7 46.
Kg4 Ra8 47. Qxc7 Rad8 48. Qc6 Rf8 49. Qe6 Rde8 50. Qd7 Rg8 51. Re1 Bd8 52. Rc1
g5 53. Rxc5 Re7 54. Qd5 gxf4+ 55. Kxf4 Bb6 56. Rb5 Bc7 57. Qc6 Rge8 58. Qf6+
Kg8 59. Qg5+ Rg7 60. Qh4 h6 61. Rc5 Bb6 62. Rd5 Bc7 63. Qh3 Rg5 64. Qd7 Bxe5+
65. Kf3 Rf8+ 66. Ke3 Rg3+ 67. Ke4 Bg7 68. Rf5 Rb8 69. Qf7+ Kh8 70. Rf3 Rg5 71.
Rh3 Rf8 72. Qc7 Rf1 73. Qc8+ Rf8 74. Qd7 Re5+ 75. Kd3 Rg5 76. b4 Rg1 77. Qe6
Rf4 78. Qc8+ Rf8 79. Qc6 Rg4 80. Qb5 Rc8 81. Re3 Rd4+ 82. Ke2 Rdd8 83. Qb7 Rc2+
84. Kf3 Rf8+ 85. Kg3 Bf6 86. Qd7 Rg8+ 87. Kf3 Rcc8 88. a5 Bg5 89. Qd4+ Rg7 90.
Re6 Rf8+ 91. Ke2 Kg8 92. Qd5 Rgf7 93. Rd6 Re8+ 94. Kd3 Kf8 95. b5 Re1 96. Qa8+
Re8 97. Qc6 Rf1 98. Qc2 Rf3+ 99. Kc4 Rf4+ 100. Kd5 Bf6 101. Qg6 Bg7 102. a6 Rf7
103. b6 Re5+ 104. Kc6 Re8 105. b7 1-0

[Event "ICS rated blitz match"]
[Site "204.178.125.65"]
[Date "2000.03.27"]
[Round "?"]
[White "PostModernist"]
[Black "Hossa"]
[Result "1/2-1/2"]
[WhiteElo "2618"]
[BlackElo "2470"]
[PlyCount "228"]

1. e4 e5 2. d4 exd4 3. c3 dxc3 4. Bc4 cxb2 5. Bxb2 d6 6. Qb3 Qd7 7. Nc3 Nc6 8.
Nd5 Na5 9. Qg3 f6 10. Be2 c6 11. Nf4 Qe7 12. Bc3 b6 13. Qe3 g5 14. Nh5 Bd7 15.
Qd4 Kf7 16. h4 g4 17. f3 Re8 18. Bxa5 bxa5 19. Qxa7 Qe5 20. Qxd7+ Re7 21. Qxc6
Qxa1+ 22. Kf2 Qxa2 23. fxg4 Bg7 24. Kg3 d5 25. Qxd5+ Qxd5 26. exd5 Bh6 27. d6
Re4 28. d7 Ne7 29. g5 Nf5+ 30. Kf2 fxg5 31. hxg5 Bxg5 32. Nf3 Be3+ 33. Kf1 Ke6
34. Bd3 Rg4 35. Bxf5+ Kxf5 36. Rh3 Ke6 37. Nh2 Re4 38. Nf3 h6 39. Rg3 Bd4 40.
d8=N+ Rxd8 41. Rg6+ Kd5 42. Ra6 Kc4 43. Rxa5 Rb8 44. Ra4+ Kc5 45. Ra5+ Kc6 46.
Nxd4+ Rxd4 47. Ra6+ Rb6 48. Rxb6+ Kxb6 49. Ke2 Kc6 50. Kf3 Kd5 51. Nf4+ Ke5 52.
g3 Ra4 53. Kg4 Ra6 54. Kh5 Kf5 55. Ng2 Ra8 56. Kxh6 Re8 57. Kg7 Re7+ 58. Kf8
Rd7 59. Ne3+ Kg5 60. Nc4 Kf6 61. Ke8 Ke6 62. Nb6 Rb7 63. Nc8 Rc7 64. Kd8 Rh7
65. g4 Rb7 66. g5 Rh7 67. Nb6 Re7 68. Nc4 Rd7+ 69. Kc8 Rg7 70. g6 Kd5 71. Ne3+
Ke5 72. Nc4+ Ke6 73. Kd8 Kd5 74. Nb6+ Ke6 75. Nc4 Ra7 76. Kc8 Ra8+ 77. Kb7 Rg8
78. Kc6 Rc8+ 79. Kb5 Kf6 80. Na5 Kg7 81. Nc6 Re8 82. Nd4 Kf6 83. Kc6 Rg8 84.
Kd5 Rd8+ 85. Ke4 Re8+ 86. Kf4 Rg8 87. Nb5 Kg7 88. Kg5 Rd8 89. Nc7 Kg8 90. Ne6
Rd6 91. Kf5 Rd5+ 92. Kf6 Rd7 93. Ke5 Re7 94. Kd5 Rb7 95. Ke5 Rb6 96. Kf6 Ra6
97. Kf5 Ra3 98. Ke5 Re3+ 99. Kf6 Re2 100. Nd4 Rg2 101. Nf5 Rf2 102. Kg5 Rf1
103. Nh6+ Kg7 104. Nf5+ Rxf5+ 105. Kxf5 Kg8 106. Kf4 Kg7 107. Kg5 Kg8 108. Kg4
Kg7 109. Kg5 Kg8 110. Kf6 Kf8 111. Ke6 Kg7 112. Kd5 Kg8 113. g7 Kf7 114. g8=Q+
Kxg8 1/2-1/2

[Event "ICS rated bullet match"]
[Site "204.178.125.65"]
[Date "2000.03.27"]
[Round "?"]
[White "Hossa"]
[Black "Demon-Knight"]
[Result "1-0"]
[WhiteElo "2564"]
[BlackElo "1247"]
[PlyCount "39"]

1. e4 c6 2. d4 d5 3. Nc3 Nf6 4. e5 Nfd7 5. Nf3 Nb6 6. Bd3 Bg4 7. Bg5 f6 8. Bf4
N8d7 9. exf6 exf6 10. O-O Be7 11. Re1 O-O 12. h3 Bxf3 13. Qxf3 c5 14. Nxd5 c4
15. Nxe7+ Kh8 16. Bxh7 Re8 17. Bg6 Rxe7 18. Qh5+ Kg8 19. Qh7+ Kf8 20. Qh8# 1-0

[Event "ICS rated bullet match"]
[Site "204.178.125.65"]
[Date "2000.03.27"]
[Round "?"]
[White "Hossa"]
[Black "star"]
[Result "0-1"]
[WhiteElo "2564"]
[BlackElo "2252"]
[PlyCount "98"]

1. e4 e5 2. Nf3 Nc6 3. Nc3 Nf6 4. Nxe5 Nxe5 5. d4 Ng6 6. e5 Ng8 7. Bc4 d6 8.
Qf3 Qd7 9. O-O dxe5 10. dxe5 Bc5 11. e6 fxe6 12. Rd1 Qf7 13. Bb5+ Ke7 14. Bg5+
Nf6 15. Ne4 Bb4 16. Qb3 Bd6 17. Qc3 a6 18. Rxd6 cxd6 19. Qc7+ Kf8 20. Qd8+ Ne8
21. Nxd6 axb5 22. Nxf7 Kxf7 23. Qb6 Nf6 24. Qxb5 Rd8 25. Qe2 Bd7 26. Bxf6 gxf6
27. Qf3 Bc6 28. Qh3 Rh8 29. Qh6 e5 30. Qh5 Rad8 31. Re1 Rd2 32. Qh3 Nf4 33. Qc3
Rhd8 34. g4 Rd1 35. Qb4 R8d4 36. Qa5 R4d2 37. Qxd2 Nh3+ 38. Kf1 Rxd2 39. Re3
Rxf2+ 40. Ke1 Rxh2 41. Rg3 Ng5 42. a4 Nf3+ 43. Kd1 e4 44. Rxf3 exf3 45. Ke1
Rxc2 46. Kd1 Be4 47. Ke1 Bd3 48. Kd1 f2 49. b4 f1=Q# 0-1

[Event "ICS rated bullet match"]
[Site "204.178.125.65"]
[Date "2000.03.27"]
[Round "?"]
[White "star"]
[Black "Hossa"]
[Result "1-0"]
[WhiteElo "2279"]
[BlackElo "2537"]
[PlyCount "87"]

1. d4 Nf6 2. c4 e6 3. g3 d5 4. Bg2 Be7 5. Nf3 O-O 6. O-O dxc4 7. Qc2 a6 8. Qxc4
b5 9. Qc2 Bb7 10. Bf4 Nc6 11. Rd1 Nb4 12. Qc1 Rc8 13. Nc3 Nbd5 14. Nxd5 Bxd5
15. Qc3 c5 16. Qa3 cxd4 17. Qxa6 Rc6 18. Qxb5 Rb6 19. Qd3 Rxb2 20. Nxd4 Bxg2
21. Qc3 Qb6 22. Bc1 Rb1 23. Kxg2 Rxa1 24. Qxa1 Bc5 25. Bf4 Ng4 26. f3 e5 27.
Nf5 Qc6 28. h3 g6 29. hxg4 gxf5 30. Qxe5 Re8 31. Qxf5 Rxe2+ 32. Kh3 Be7 33. Rc1
Qe8 34. Rc8 Bd8 35. Qd3 Kg7 36. Rxd8 Qe6 37. Rd6 Rh2+ 38. Kxh2 Qxa2+ 39. Kh3
Kg8 40. Rd8+ Kg7 41. Rg8+ Kxg8 42. Qd8+ Kg7 43. Bh6+ Kxh6 44. Qf6# 1-0

[Event "ICS rated bullet match"]
[Site "204.178.125.65"]
[Date "2000.03.27"]
[Round "?"]
[White "Hossa"]
[Black "star"]
[Result "0-1"]
[WhiteElo "2511"]
[BlackElo "2305"]
[PlyCount "90"]

1. e4 Nf6 2. e5 Nd5 3. d4 d6 4. c4 Nb6 5. f4 dxe5 6. fxe5 Nc6 7. Be3 Bf5 8. Nc3
e6 9. Nf3 Be7 10. d5 Nb4 11. Nd4 Bg6 12. a3 c5 13. Nxe6 fxe6 14. axb4 cxb4 15.
Na4 Nd7 16. Bd4 exd5 17. e6 Nf6 18. Bxf6 Bxf6 19. cxd5 Qd6 20. Bb5+ Ke7 21. O-O
a6 22. Bd7 Be5 23. Qg4 b5 24. Qg5+ Bf6 25. Qd2 bxa4 26. Rxa4 Qc5+ 27. Kh1 b3
28. Bc6 Ra7 29. Rf2 Rd8 30. Qf4 Be8 31. Rc4 Qd6 32. Bxe8 Qxf4 33. Rcxf4 Kxe8
34. Rf5 Rc7 35. g4 Rc2 36. R2f4 Rxb2 37. g5 Be7 38. Rf3 Rc8 39. Rg3 Rc1+ 40.
Rg1 Rcc2 41. Ra1 Rxh2+ 42. Kg1 Bc5+ 43. Rf2 Rbxf2 44. Rxa6 Ra2+ 45. Kf1 Rh1#
0-1

[Event "ICS rated bullet match"]
[Site "204.178.125.65"]
[Date "2000.03.27"]
[Round "?"]
[White "star"]
[Black "Hossa"]
[Result "0-1"]
[WhiteElo "2330"]
[BlackElo "2486"]
[PlyCount "116"]

1. e4 e5 2. Nf3 Nc6 3. d4 exd4 4. Nxd4 Nf6 5. Nxc6 bxc6 6. Bd3 d5 7. e5 Ng4 8.
O-O Bc5 9. Qe2 Qh4 10. h3 Nh6 11. c4 Bxh3 12. gxh3 Qg3+ 13. Kh1 Qxh3+ 14. Kg1
Ng4 15. Bf4 g5 16. Bf5 h5 17. Qd3 Qxd3 18. Bxd3 gxf4 19. Nc3 Rg8 20. Kh1 Nxf2+
21. Rxf2 Bxf2 22. cxd5 Bd4 23. dxc6 Bxe5 24. Re1 f6 25. Nd5 Kf8 26. Be4 Rb8 27.
b4 h4 28. Rf1 Rg3 29. a4 Rh3+ 30. Kg2 Ra3 31. a5 Rg3+ 32. Kh1 Kf7 33. Rf2 Rd8
34. Rd2 h3 35. Bd3 Rg2 36. Rxg2 hxg2+ 37. Kxg2 Rxd5 38. Bc4 Ke6 39. b5 Kd6 40.
Kf3 Rd4 41. Bf1 Ra4 42. Kg4 Rxa5 43. Bd3 Ra3 44. Bc4 Rg3+ 45. Kh4 f3 46. Kh5
Rg1 47. Bd3 Rh1+ 48. Kg4 f2 49. Kf3 f1=Q+ 50. Bxf1 Rxf1+ 51. Ke4 Rb1 52. Ke3
Rxb5 53. Kd3 Kd5 54. Kd2 Ke4 55. Ke2 Rb2+ 56. Kf1 Ke3 57. Kg1 Kf3 58. Kh1 Rb1#
0-1

[Event "ICS rated blitz match"]
[Site "204.178.125.65"]
[Date "2000.03.27"]
[Round "?"]
[White "Hossa"]
[Black "Fomyak"]
[Result "1-0"]
[WhiteElo "2476"]
[BlackElo "1877"]
[PlyCount "65"]

1. e4 Nc6 2. d4 e5 3. d5 Nce7 4. c4 Ng6 5. Nf3 Bc5 6. Nc3 d6 7. b4 Bb6 8. Na4
f5 9. c5 dxc5 10. Bb5+ Bd7 11. exf5 Bxb5 12. fxg6 cxb4 13. Nxb6 axb6 14. Nxe5
Qe7 15. Qd4 Nf6 16. gxh7 O-O-O 17. Bg5 Bc6 18. O-O Rxd5 19. Bxf6 gxf6 20. Nxc6
bxc6 21. Qc4 Kb7 22. Rac1 Qd6 23. Qh4 Qd7 24. Qxf6 Rxh7 25. h3 Rf5 26. Qg6 c5
27. Qg4 Qf7 28. Rcd1 Rg7 29. Qe4+ Ka7 30. Rd8 Ka6 31. Ra8+ Kb5 32. a4+ bxa3 33.
Qa4# 1-0

[Event "ICS rated blitz match"]
[Site "204.178.125.65"]
[Date "2000.03.27"]
[Round "?"]
[White "Fomyak"]
[Black "Hossa"]
[Result "1/2-1/2"]
[WhiteElo "1876"]
[BlackElo "2477"]
[PlyCount "60"]

1. e4 e5 2. f4 exf4 3. Nf3 d6 4. Bc4 Be6 5. Bb3 Nc6 6. d4 Bxb3 7. axb3 g5 8.
O-O g4 9. Ne1 f3 10. gxf3 Nf6 11. Kh1 Rg8 12. d5 Ne5 13. f4 Ned7 14. Nc3 g3 15.
Ra4 gxh2 16. Qf3 Ng4 17. Nd3 Be7 18. e5 h5 19. e6 Nb6 20. Qe4 Nxa4 21. Qh7 Rf8
22. exf7+ Rxf7 23. Qg8+ Rf8 24. Qg6+ Kd7 25. Qe6+ Ke8 26. Qg6+ Rf7 27. Qg8+ Rf8
28. Qg6+ Rf7 29. Qg8+ Rf8 30. Qg6+ Rf7 1/2-1/2

[Event "ICS rated blitz match"]
[Site "204.178.125.65"]
[Date "2000.03.27"]
[Round "?"]
[White "Hossa"]
[Black "undertaker1"]
[Result "1-0"]
[WhiteElo "2462"]
[BlackElo "2705"]
[PlyCount "43"]

1. e4 e6 2. d4 d5 3. Nc3 Bb4 4. e5 c5 5. a3 Bxc3+ 6. bxc3 Nd7 7. Nf3 Qc7 8. Be2
b6 9. O-O Ne7 10. Rb1 Nb8 11. c4 Ba6 12. dxc5 bxc5 13. cxd5 Bxe2 14. d6 Bxd1
15. dxc7 Na6 16. Rxd1 Nxc7 17. c4 Nf5 18. Rb7 Na6 19. g4 Nh6 20. Rd6 Nb8 21.
Rc7 Nxg4 22. Rc8+ 1-0

[Event "ICS rated blitz match"]
[Site "204.178.125.65"]
[Date "2000.03.27"]
[Round "?"]
[White "undertaker1"]
[Black "Hossa"]
[Result "0-1"]
[WhiteElo "2679"]
[BlackElo "2488"]
[PlyCount "64"]

1. d4 Nf6 2. c4 e6 3. Nf3 b6 4. b3 Bb7 5. Bb2 Bb4+ 6. Nbd2 Bxf3 7. exf3 d5 8.
cxd5 Nxd5 9. Rc1 O-O 10. Bc4 Qg5 11. a3 Qxg2 12. Rf1 Bd6 13. Qe2 Qxh2 14. Ne4
Nf4 15. Qc2 Nd7 16. Bb5 Rfd8 17. Bc6 Rab8 18. Qc3 Ne5 19. Nf6+ gxf6 20. Be4
Neg6 21. Rc2 f5 22. Bc6 Ne5 23. Kd1 b5 24. Bc1 Qg2 25. Re1 b4 26. Qe3 Ned3 27.
a4 Nxe1 28. Kxe1 Qg1+ 29. Kd2 Ng6 30. Qe1 Bf4+ 31. Ke2 Qxe1+ 32. Kxe1 Rxd4 0-1

[Event "ICS rated blitz match"]
[Site "204.178.125.65"]
[Date "2000.03.27"]
[Round "?"]
[White "Hossa"]
[Black "undertaker1"]
[Result "1-0"]
[WhiteElo "2512"]
[BlackElo "2655"]
[PlyCount "72"]

1. e4 c5 2. c3 d6 3. d4 Nf6 4. Bd3 cxd4 5. cxd4 d5 6. e5 Nfd7 7. e6 Nf6 8. Bb5+
Nc6 9. Bxc6+ bxc6 10. exf7+ Kxf7 11. Nf3 Qd6 12. Ne5+ Kg8 13. Nc3 c5 14. O-O
Bb7 15. Re1 Rd8 16. Na4 cxd4 17. Qxd4 Ne4 18. f3 Nf6 19. Qxa7 Qb4 20. Nd3 Qh4
21. Bf4 Ra8 22. Qxb7 Rxa4 23. Qc6 g5 24. Qxa4 gxf4 25. Qxf4 Qxf4 26. Nxf4 Bh6
27. Ne6 Kf7 28. Re5 Rb8 29. b3 Nd7 30. Re2 Nf8 31. Rae1 Nxe6 32. Rxe6 Bg5 33.
R6e5 Bh4 34. g3 Bf6 35. Rxd5 Rb4 36. Rd3 Bd4+ 1-0

[Event "ICS rated blitz match"]
[Site "204.178.125.65"]
[Date "2000.03.27"]
[Round "?"]
[White "undertaker1"]
[Black "Hossa"]
[Result "0-1"]
[WhiteElo "2633"]
[BlackElo "2534"]
[PlyCount "68"]

1. d4 Nf6 2. c4 g6 3. Nc3 Bg7 4. e4 d6 5. Nf3 O-O 6. Bd3 e5 7. dxe5 dxe5 8. O-O
Nc6 9. Nd5 Bg4 10. h3 Bxf3 11. Qxf3 Nd4 12. Nxf6+ Bxf6 13. Qg3 Bg7 14. Rd1 Qd6
15. Bg5 f6 16. Be3 c5 17. Rd2 Rf7 18. Rad1 Rd8 19. Qh4 Qa6 20. b3 Qd6 21. Bc2
Rfd7 22. Qg4 Qf8 23. Rd3 Qf7 24. Bb1 h5 25. Qh4 g5 26. Bxg5 Ne2+ 27. Kh1 fxg5
28. Qxg5 Qxf2 29. Qxd8+ Rxd8 30. Rxd8+ Kh7 31. a3 Nc3 32. Rg1 Qb2 33. Bd3 Qxa3
34. Bc2 Ne2 0-1

[Event "ICS Rated standard match"]
[Site "204.178.125.65"]
[Date "2000.03.27"]
[Round "?"]
[White "star"]
[Black "Hossa"]
[Result "1/2-1/2"]
[WhiteElo "2571"]
[BlackElo "2267"]
[PlyCount "349"]

1. e4 e5 2. Nf3 Nc6 3. c3 Nf6 4. d3 d5 5. Qc2 Be7 6. Be2 Be6 7. O-O O-O 8. Nbd2
Qd7 9. Nb3 a5 10. Be3 Ng4 11. Nc5 Qc8 12. Nxe6 fxe6 13. d4 exd4 14. Bxd4 Nxd4
15. Nxd4 Ne5 16. f4 Nc6 17. Bg4 Nxd4 18. cxd4 Qd7 19. Qb3 c6 20. Rae1 Rf6 21.
exd5 cxd5 22. Re5 Ra6 23. f5 Qc7 24. Rxe6 Raxe6 25. fxe6 Rxf1+ 26. Kxf1 Qf4+
27. Bf3 Qxd4 28. Bxd5 b6 29. Qf3 Kh8 30. Bb3 Qf6 31. Qxf6 Bxf6 32. Ke2 b5 33.
Kd3 g5 34. Ke4 a4 35. Bd5 b4 36. a3 bxa3 37. bxa3 Kg7 38. Bc6 Be7 39. Kf5 Bxa3
40. Bxa4 Be7 41. Be8 Bf6 42. g4 Bd8 43. Bc6 Kf8 44. Be4 Ke8 45. Bb1 Kf8 46. Bd3
Be7 47. Ke5 h6 48. Bb5 Kg7 49. h3 Ba3 50. Bc6 Bc5 51. Be4 Bf8 52. Bf5 Bb4 53.
Bd3 Ba3 54. Bc4 Bb4 55. Bd5 Bc5 56. Kf5 Be7 57. Bc6 Bd6 58. Ba4 Be7 59. Ke5 Ba3
60. Bb5 Bb4 61. Kf5 Bd6 62. Bc6 Bf8 63. Be4 Bd6 64. Bf3 Bc7 65. Be2 Bd6 66. Bb5
Bb4 67. Ke5 Ba3 68. Be8 Be7 69. Bd7 Bb4 70. Bc8 Kg6 71. Bb7 Kg7 72. Kf5 Be7 73.
Bc8 Bb4 74. Ba6 Bd6 75. Bc4 Be7 76. Bb3 Bf6 77. Bc2 Bc3 78. Ba4 Bb4 79. Bb3 Bd6
80. Bc2 Bc7 81. Ba4 Bd6 82. Bb3 Be7 83. Ke5 Bb4 84. Bd1 Ba3 85. Be2 Be7 86. Bf1
Bf8 87. Bg2 Be7 88. Kf5 Bd6 89. Bh1 Bg3 90. Bd5 Bd6 91. Ba2 Bc5 92. Ke5 Ba3 93.
Kd5 Kf6 94. Bc4 Bb4 95. Bd3 Ke7 96. Ke5 Bc3+ 97. Kf5 Bg7 98. Bc4 Bf8 99. h4
gxh4 100. Bd5 h3 101. Ke5 h2 102. Bf3 Ke8 103. Kf6 Be7+ 104. Kf5 Bg5 105. Ke5
Bd8 106. Kd6 Bf6 107. Bc6+ Kf8 108. Kd7 Bh4 109. Be4 Be7 110. Bd5 Bb4 111. Bc6
Bc5 112. Bh1 Bb4 113. Bd5 Ba3 114. Bb7 Bb4 115. Bf3 h5 116. gxh5 Kg7 117. Be4
Kh6 118. Bf3 Kg7 119. Kc6 Kf6 120. Bd5 Ke7 121. h6 Bd2 122. h7 Bc3 123. Kc5 Bh8
124. Kc6 Be5 125. Kb5 Bd4 126. Kc4 Bh8 127. Kc5 Bc3 128. Kb6 Bd4+ 129. Kb5 Be5
130. Kc6 Bb2 131. Kb7 Bd4 132. Ka6 Bh8 133. Ka5 Kd6 134. Be4 Kxe6 135. Kb5 Ke5
136. Bf3 Kf4 137. Bd5 Ke3 138. Kc6 Ke2 139. Kd6 Kd3 140. Ke6 Kd4 141. Ba8 Ke3
142. Kf7 Kf2 143. Be4 Kg3 144. Kg8 Kf4 145. Bh1 Bc3 146. Kf7 Bh8 147. Ke6 Kg4
148. Be4 Kg3 149. Kd5 Kf4 150. Bg2 Ke3 151. Bh1 Kf2 152. Be4 Kg3 153. Kd6 Kh4
154. Ke7 Kg5 155. Kf7 Kh6 156. Kg8 Bd4 157. h8=Q+ Bxh8 158. Kxh8 Kg5 159. Bh1
Kh4 160. Kh7 Kg5 161. Kg7 Kh4 162. Kf6 Kg3 163. Be4 Kh4 164. Ba8 Kg3 165. Bb7
Kh4 166. Ba8 Kg3 167. Bh1 Kh3 168. Ke5 Kh4 169. Kf4 Kh3 170. Kf3 Kh4 171. Kf2
Kg5 172. Kg2 Kh5 173. Kh3 Kh6 174. Ba8 h1=Q+ 175. Bxh1 1/2-1/2

[Event "ICS rated bullet match"]
[Site "204.178.125.65"]
[Date "2000.03.27"]
[Round "?"]
[White "Hossa"]
[Black "star"]
[Result "0-1"]
[WhiteElo "2495"]
[BlackElo "2322"]
[PlyCount "90"]

1. e4 c5 2. Nf3 e6 3. d4 cxd4 4. Nxd4 a6 5. Nc3 b5 6. Bd3 Bb7 7. O-O d6 8. a4
b4 9. Na2 Nf6 10. Nxb4 Nxe4 11. Bxe4 Bxe4 12. f3 Bb7 13. Re1 Be7 14. a5 d5 15.
Ra4 Qc7 16. g3 Qd7 17. b3 Bd6 18. Nd3 O-O 19. Bf4 Nc6 20. Bxd6 Qxd6 21. Nxc6
Bxc6 22. Rd4 Rae8 23. Qd2 e5 24. Rg4 f5 25. Rg5 e4 26. Qc3 Qh6 27. Rxg7+ Qxg7
28. Qxc6 Qd4+ 29. Kf1 Rc8 30. Qe6+ Kh8 31. Nf4 Rc3 32. Qe7 Rxf3+ 33. Kg2 Rf2+
34. Kh1 Rc8 35. Qf7 Qc3 36. Rg1 Rxc2 37. Qxd5 Rc1 38. Nd3 exd3 39. Kg2 Qd2+ 40.
Kh3 Qh6+ 41. Kg2 Rxg1+ 42. Kxg1 Qe3+ 43. Kh1 Rc1+ 44. Kg2 Rg1+ 45. Kh3 Qh6# 0-1

[Event "ICS rated standard match"]
[Site "204.178.125.65"]
[Date "2000.03.27"]
[Round "?"]
[White "Hossa"]
[Black "GPiccolo"]
[Result "0-1"]
[WhiteElo "2278"]
[BlackElo "2384"]
[PlyCount "106"]

1. e4 c5 2. Nf3 d6 3. d4 cxd4 4. Nxd4 Nf6 5. Nc3 a6 6. Be3 e5 7. Nb3 Be7 8. f3
Be6 9. Qd2 Nbd7 10. g4 O-O 11. O-O-O b5 12. g5 Nh5 13. Kb1 Nb6 14. Na5 Qc7 15.
Ne2 Rfc8 16. Ng3 Nf4 17. Ne2 Nxe2 18. Bxe2 Rd8 19. Bxb6 Qxb6 20. h4 d5 21. Bd3
Rac8 22. Rhe1 dxe4 23. Rxe4 Qc7 24. Rde1 Bf5 25. R4e3 Bb4 26. Qxb4 Rxd3 27. Nc4
Rd4 28. b3 bxc4 29. Rxe5 Bxc2+ 30. Kb2 c3+ 31. Ka3 Qxe5 32. Rxe5 Rxb4 33. Kxb4
Bd1 34. Re8+ Rxe8 35. Kxc3 Bxf3 36. Kd3 Re4 37. h5 Re5 38. h6 g6 39. Kc3 Rxg5
40. b4 Kf8 41. a4 Ke7 42. Kc2 Kd6 43. Kb2 Rd5 44. Kc3 g5 45. a5 g4 46. b5 g3
47. bxa6 g2 48. a7 g1=Q 49. Kb2 Qf2+ 50. Ka3 Rxa5+ 51. Kb3 Bd1+ 52. Kc4 Qd2 53.
a8=Q Rc5# 0-1

[Event "ICS rated bullet match"]
[Site "204.178.125.65"]
[Date "2000.03.27"]
[Round "?"]
[White "Hossa"]
[Black "BigWolfie"]
[Result "1-0"]
[WhiteElo "2472"]
[BlackElo "2334"]
[PlyCount "145"]

1. Nf3 e6 2. g3 d6 3. Nc3 g5 4. Bh3 h6 5. e4 Bg7 6. O-O Ne7 7. d4 Ng6 8. d5 e5
9. Bxc8 Qxc8 10. Be3 O-O 11. Nd2 Nd7 12. Re1 Nf6 13. Qe2 Nh7 14. Qc4 a6 15. a3
Qd7 16. a4 Rfc8 17. Qf1 Rab8 18. Nc4 Ra8 19. Na5 b6 20. Nc6 a5 21. Nb5 Ne7 22.
Nba7 Re8 23. Nxe7+ Rxe7 24. Nc6 Ree8 25. Rab1 Nf6 26. Bd2 Kh8 27. Qg2 Ng8 28.
Ra1 Ne7 29. Nxe7 Qxe7 30. Qf3 Rad8 31. c4 Qf6 32. Qh5 Qg6 33. Qg4 Kh7 34. Qf3
Qf6 35. Qb3 Qe7 36. Ra3 Qd7 37. Qf3 Qe7 38. Rb3 Qf6 39. Qd3 Qe7 40. Ra3 Qd7 41.
Qe2 Qe7 42. Rd1 Qf6 43. Rf3 Qg6 44. Rf5 Re7 45. b4 Rf8 46. bxa5 bxa5 47. Bxa5
Bf6 48. Qf3 Bg7 49. Rb1 g4 50. Qb3 h5 51. Qb7 f6 52. Bd2 Bh6 53. Bxh6 Kxh6 54.
Ra1 Kg7 55. a5 Ref7 56. a6 Re8 57. a7 Rff8 58. a8=Q Rxa8 59. Rxa8 Rxa8 60. Qxa8
Qf7 61. f3 Qe7 62. fxg4 hxg4 63. Kg2 Qf7 64. Qb8 Qf8 65. Qxc7+ Qf7 66. Qxd6 Qg6
67. c5 Qf7 68. c6 Qf8 69. Qxf8+ Kxf8 70. Rxf6+ Ke7 71. Re6+ Kd8 72. d6 Kc8 73.
Re8# 1-0

[Event "ICS rated bullet match"]
[Site "204.178.125.65"]
[Date "2000.03.27"]
[Round "?"]
[White "BigWolfie"]
[Black "Hossa"]
[Result "0-1"]
[WhiteElo "2324"]
[BlackElo "2482"]
[PlyCount "132"]

1. g3 d5 2. Bg2 c6 3. b3 e5 4. Bb2 Nd7 5. d3 Bb4+ 6. Nd2 Ngf6 7. e3 O-O 8. Ne2
Re8 9. a3 Bxd2+ 10. Qxd2 Nc5 11. h3 b6 12. O-O Ba6 13. Kh2 e4 14. d4 Ne6 15.
Rad1 Ng5 16. Rg1 Nf3+ 17. Bxf3 exf3 18. Nc3 Ne4 19. Nxe4 Rxe4 20. g4 Be2 21.
Rde1 a5 22. Rg3 a4 23. b4 Qd6 24. Reg1 Qe7 25. Bc3 g6 26. Bb2 Re8 27. Bc3 Qd6
28. Bb2 Qd8 29. Bc3 Qc7 30. Bb2 R8e6 31. Bc3 Qe7 32. Bb2 Qh4 33. Bc3 Qd8 34.
Bb2 Re7 35. Bc3 Rd7 36. Bb2 Qh4 37. Bc3 Qe7 38. Bb2 Rd8 39. Bc3 Rc8 40. Bb2 Rb8
41. Bc3 Rb7 42. Bb2 Rd7 43. Bc3 Ra7 44. Bb2 Qh4 45. Bc3 Ra8 46. Bb2 Rb8 47. Bc3
Rc8 48. Bb2 Rce8 49. Bc3 Kh8 50. Bb2 Kg7 51. Bc3 Rf8 52. Bb2 Kg8 53. Bc3 f5 54.
Bb2 fxg4 55. Rxg4 Qxf2+ 56. Kh1 Qxe3 57. Qxe3 Rxe3 58. Bc1 Rc3 59. Bh6 f2 60.
Rf1 Rxh3+ 61. Kg2 Bxf1+ 62. Kxf1 Rh1+ 63. Ke2 f1=Q+ 64. Kd2 Rf2+ 65. Kc3 Qc4+
66. Kb2 Rxc2# 0-1

[Event "ICS rated bullet match"]
[Site "204.178.125.65"]
[Date "2000.03.27"]
[Round "?"]
[White "Hossa"]
[Black "BigWolfie"]
[Result "1-0"]
[WhiteElo "2491"]
[BlackElo "2315"]
[PlyCount "111"]

1. e4 b6 2. d4 Bb7 3. Nc3 g6 4. Nf3 Bg7 5. Be2 d6 6. O-O Nd7 7. Bc4 e6 8. Be3
Ne7 9. Qd2 O-O 10. Bh6 a6 11. Bb3 Qe8 12. Qg5 Qd8 13. Bxg7 Kxg7 14. Rfe1 h6 15.
Qf4 Ng8 16. Ba4 b5 17. Bb3 Qf6 18. Qd2 Qe7 19. a3 Qf6 20. a4 b4 21. Na2 a5 22.
c3 bxc3 23. Nxc3 Qe7 24. Qd3 Ba6 25. Bc4 Bxc4 26. Qxc4 Nb6 27. Qd3 Rfc8 28.
Rec1 c6 29. e5 d5 30. g3 Qb7 31. b3 Ne7 32. Qd2 Nd7 33. Rab1 Nb6 34. Qf4 Nd7
35. Rc2 Qb4 36. Na2 Qb7 37. b4 axb4 38. Rxb4 Qc7 39. Nc3 Rab8 40. Rxb8 Rxb8 41.
Nb5 Qd8 42. Nd6 Qf8 43. Qc1 Nb6 44. a5 Nd7 45. a6 Ra8 46. Qa3 Nf5 47. Rxc6 Nxd6
48. Rxd6 Nb8 49. Qa5 Nxa6 50. Rxa6 Rxa6 51. Qxa6 Qb4 52. Qc8 Kh7 53. Kg2 Kg7
54. h4 Qb2 55. g4 Qc2 56. Qxc2 1-0

[Event "ICS rated bullet match"]
[Site "204.178.125.65"]
[Date "2000.03.27"]
[Round "?"]
[White "BigWolfie"]
[Black "Hossa"]
[Result "0-1"]
[WhiteElo "2306"]
[BlackElo "2500"]
[PlyCount "34"]

1. g3 Nf6 2. b3 Nc6 3. Bb2 e5 4. Bg2 d5 5. d3 Bb4+ 6. Nd2 O-O 7. e3 e4 8. d4
Bg4 9. Ne2 Bf3 10. O-O Bxg2 11. Kxg2 Qd7 12. Nb1 Qf5 13. Ng1 Ng4 14. Ba3 Qxf2+
15. Rxf2 Nxe3+ 16. Kh1 Nxd1 17. Bxb4 Nxf2+ 0-1

[Event "ICS rated bullet match"]
[Site "204.178.125.65"]
[Date "2000.03.27"]
[Round "?"]
[White "Hossa"]
[Black "BigWolfie"]
[Result "1-0"]
[WhiteElo "2508"]
[BlackElo "2298"]
[PlyCount "24"]

1. e4 g6 2. d4 Bg7 3. Nc3 b6 4. Nf3 Bb7 5. Bc4 e6 6. O-O Ne7 7. d5 O-O 8. Bg5
e5 9. d6 cxd6 10. Qxd6 Nbc6 11. Rad1 Bc8 12. Nd5 f6 1-0

[Event "ICS rated bullet match"]
[Site "204.178.125.65"]
[Date "2000.03.27"]
[Round "?"]
[White "BigWolfie"]
[Black "Hossa"]
[Result "0-1"]
[WhiteElo "2291"]
[BlackElo "2515"]
[PlyCount "110"]

1. g3 d5 2. Bg2 c6 3. c3 e5 4. Nf3 e4 5. Nd4 c5 6. Nb3 Nf6 7. O-O Nc6 8. d3
exd3 9. exd3 Be7 10. Bf4 O-O 11. d4 c4 12. N3d2 Bg4 13. Nf3 Bd6 14. Bxd6 Qxd6
15. Nbd2 Rfe8 16. h3 Bxf3 17. Nxf3 Ne4 18. Qc2 Re7 19. Rae1 Rae8 20. Qc1 Qc7
21. Qc2 Qa5 22. Qb1 b5 23. a3 Qc7 24. Qc2 a5 25. Qb1 g6 26. Qc2 f5 27. Rd1 f4
28. g4 Qd6 29. Nh2 Ng5 30. Nf3 Re2 31. Qb1 Ne4 32. Nh2 Nd2 33. Rxd2 Rxd2 34.
Nf3 Rde2 35. Nh2 Qd7 36. Nf3 Qe7 37. Nh2 Qf7 38. Nf3 Qe6 39. Nh2 g5 40. Nf3 h6
41. Nh2 Ne7 42. Nf3 Ng6 43. Nh2 Nh4 44. Nf3 Nxg2 45. Kxg2 Qe4 46. Qa2 Qe3 47.
Qb1 Qd3 48. Qc1 Rc2 49. Qa1 Qe2 50. Qb1 Re3 51. Nh2 Rg3+ 52. Kh1 Qe4+ 53. f3
Rxh2+ 54. Kxh2 Qe2+ 55. Kh1 Qg2# 0-1